000 00306nam a22001337a 4500
008 170904b xxu||||| |||| 00| 0 eng d
020 _a9780312554040
041 _aeng
080 _23RD
_a070
100 _a40
101 _aMED
245 _aA POCKET GUIDE TO PUBLIC SPEAKING
_cO'HAIR,D
942 _2udc
_cBK
999 _c26012
_d26012